|
|
|
|
| LEADER |
00778nab a2200193 i 4500 |
| 001 |
publ17152 |
| 005 |
20191018090732.0 |
| 008 |
191018s2019 hu o 0|| zxx d |
| 022 |
|
|
|a 0198-6325
|
| 024 |
7 |
|
|a 10.1002/med.21592
|2 doi
|
| 024 |
7 |
|
|a 30693049
|2 mtmt
|
| 040 |
|
|
|a SZTE Publicatio Repozitórium
|b hun
|
| 041 |
|
|
|a zxx
|
| 100 |
1 |
|
|a Hunyadi Attila
|
| 245 |
1 |
4 |
|a The mechanism(s) of action of antioxidants
|h [elektronikus dokumentum] :
|b from scavenging reactive oxygen/nitrogen species to redox signaling and the generation of bioactive secondary metabolites /
|c Hunyadi Attila
|
| 260 |
|
|
|c 2019
|
| 300 |
|
|
|a 2505-2533
|
| 490 |
0 |
|
|a MEDICINAL RESEARCH REVIEWS
|v 39
|
| 856 |
4 |
0 |
|u http://publicatio.bibl.u-szeged.hu/17152/1/Hunyadi-2019-Medicinal_Research_Reviews.pdf
|z Dokumentum-elérés
|